Most Streamed XXXTENTACION Songs - Statistics

General Stats
  • This quiz has been taken 99 times
    31 since last reset
  • The average score is 10 of 20
Answer Stats
# Streams Answer % Correct
2 2,471,034,599 Jocelyn Flores
95%
1 2,501,227,452 SAD!
95%
8 1,689,613,320 Look At Me!
81%
3 2,327,604,345 Moonlight
76%
10 1,507,141,589 changes
67%
7 1,881,056,797 Hope
67%
6 1,894,724,916 Revenge
67%
15 691,532,415 BAD!
62%
4 2,105,571,316 Fuck Love
57%
5 1,898,935,089 Everybody Dies In Their Nightmares
52%
9 1,669,496,493 Falling Down - Bonus Track
52%
17 632,018,511 NUMB
33%
13 758,284,106 Again
24%
18 629,074,472 Carry On
24%
11 1,082,816,770 the remedy for a broken heart (why am i so in love)
24%
20 456,979,422 whoa (mind in awe)
24%
19 518,961,560 YuNg BrAtZ
24%
16 644,740,401 Arms Around You
19%
14 740,671,213 I Don't Wanna Do This Anymore
10%
12 797,531,038 Roll In Peace
10%
No matching quizzes found
Score Distribution
Percent of People with Each Score
Percentile by Number Answered
Your Score History
You have not taken this quiz since the last reset